Stades de football par leur nom - Statistiques

Statistiques générales
  • Ce quiz a été pris 221 fois
  • Le résultat moyen est 10 sur 15
Statistiques - réponses
Par images Réponse % Correct
Vélodrôme
93%
Camp Nou
92%
Allianz Arena
90%
Parc des Princes
81%
Old Trafford
79%
San Siro
79%
Anfield
68%
Santiago Bernabeu
66%
Stamford Bridge
64%
Wembley
58%
Signal Iduna Park
55%
La Bombonera
51%
Maracana
49%
Juventus Stadium
28%
Estàdio da Luz
16%
Aucun quiz correspondant
Distribution des résultats
% des personnes avec chaque résultat
Percentile par nombre de réponses
Votre historique - résultats
Vous n’avez pas pris ce quiz